Biblioteca

Matrimonios fracasados (Registro nro. 69827)

Detalles MARC
000 -LÍDER
Campo fijo de descripción fija 01421nam a2200229 i 4500
001 - NÚMERO DE CONTROL
Campo de control 768714001
003 - IDENTIFICADOR DEL NÚMERO DE CONTROL
Campo de control CO-MdFUSB
005 - FECHA Y HORA DE LA ULTIMA TRANSACCIÓN
control field 20240522112251.0
008 - ELEMENTOS DE LONGITUD FIJA -- INFORMACIÓN GENERAL
Campo fijo de descripción fija -- Información general 240522t1973 sp ||||| |||| 00| 0 spa d
040 ## - FUENTE DE CATALOGACIÓN
Idioma de catalogación spa
Agencia que realiza la transcripción CO-MdFUSB
Agencia que realiza la modificación CO-MdFUSB
041 ## - CÓDIGO DE IDIOMA
Código de idioma para texto/pista de sonido o título separado spa
100 ## - ASIENTO PRINCIPAL--NOMBRE PERSONAL
Nombre personal Dominian, Jack,
Fechas asociadas con el nombre 1929-
Término relacionador autor
245 ## - TÍTULO
Título Matrimonios fracasados
Mención de responsabilidad / Jack Dominian ; traducido por Jesús Valiente Malla
520 ## - NOTA DE RESUMEN, ETC.
Nota de sumario, etc. Al examinar las actitudes y los cambios actuales en el campo de la moral sexual, podemos observar dos generalidades principales. La primera es mostrar con vehemencia y acusación el deterioro general de las normas morales. Otro, también profundamente preocupado por la integridad humana, aborda esta misma cuestión con una apertura que busca primero definir y luego comprender estos mismos fenómenos antes de juzgarlos. Para ello se utilizan las ciencias del comportamiento, principalmente la psicología y la sociología, que precisamente se encargan del estudio y análisis del comportamiento humano.
650 #0 - ASIENTO SECUNDARIO DE MATERIA - TERMINO TEMÁTICO
Término temático o nombre geográfico como elemento de entrada Divorcio
9 (RLIN) 786
650 #7 - ASIENTO SECUNDARIO DE MATERIA - TERMINO TEMÁTICO
Término temático o nombre geográfico como elemento de entrada Matrimonio
9 (RLIN) 300
650 #2 - ASIENTO SECUNDARIO DE MATERIA - TERMINO TEMÁTICO
Término temático o nombre geográfico como elemento de entrada Conciencia (Moral)
9 (RLIN) 927
700 ## - ENTR. SECUNDARIA - Nombre Personal (R)
Nombre de persona Valiente Malla, Jesús,
Término indicativo de función traductor
773 0# - ASIENTO DE ITEM FUENTE
Biblionumber 49450
Itemnumber 82667
Otro identificador del ítem R2577
Título Revista internacional de teología Concilium
Número de control del registro (CO-MdFUSB)8
Número Internacional Normalizado para Publicaciones Seriadas (ISSN) 0210-1041
Parte(s) relacionada(s) / Volumen., número. (mes año), páginas Número 87, (julio - agosto, 1973), páginas: 126 - 139
Enumeración y primera página página: 126
942 ## - TIPO DE MATERIAL (KOHA)
Tipo de Item KOHA Artículos de Revista
945 ## - INFORMACIÓN LOCAL DEL REGISTRO
Catalogador Catherine Arias Alvarez - Practicante SENA

No hay ítems disponibles.

Biblioteca FUSBC | Teléfono: (57+4) 349 88 10 Ext. 141| WhatsApp (+57) 3005338115 
E-mail: biblioteca@unisbc.edu.co | Calle 76 87-14 Robledo Palenque, Medellín, Colombia

Con tecnología Koha